LEADER 01223nam a2200289 i 4500 001 000000111596 003 CaOOAMICUS 005 20091020000000.0 008 091020s1999 it u000 u ita u 013 $a84278 020 $a88-10-20334-8 040 $aSeMil$bita 100 1 $aMazza, Carlo,$c.$0(OLS)http://semarc/name/46769 245 10$aSanta è la via :$bpellegrinaggio e vita cristiana /$cCarlo Mazza. 260 $aAndria ; Napoli ; Roma :$bDehoniane,$c1999. 300 $a183 p. ;$c22 cm. 490 0 $aFede e annuncio : per un aggiornamento teologico e pastorale della predicazione ;$v37 500 $aFondo Card. C.M. Martini. 650 4$aPellegrinaggi.$0(OLS)http://semarc/subject/9005 830 0$aFede e annuncio ;$v37.$0(OLS)http://semarc/title/11026 850 $aSeMil 852 $aSeMil$W1$xVenegono$y1$m2F I 61$j67417$B67417$CSeMilBibl$Z2$F93336 $81 941 1 $a4 961 $aOmaggio: Martini Card. Carlo Maria 996 $6020$a88-10-20334-8$9(OLS)http://semarc/number/93846 996 $6245$aSanta è la via :$bpellegrinaggio e vita cristiana$9(OLS)http://semarc/title/162479 996 $6260$aAndria ; Napoli ; Roma :$bDehoniane$9(OLS)http://semarc/publisher/31310 LEADER 00854nam a2200229 i 4500 001 000000122270 003 CaOOAMICUS 005 20241203144247.0 008 040128s1967 it u000 u ita u 013 $a94965 040 $aSeMil$bita 100 1 $aPreti, Luigi,$d<1914-2009>.$0(OLS)http://semarc/name/50849 245 10$aGiovinezza, giovinezza ... /$cLuigi Preti. 260 $aMilano :$bMondadori,$c1967 (copyr. 1964) 300 $a479 p. ;$c19 cm. 830 0$aOscar ;$v95.$0(OLS)http://semarc/title/8669 850 $aSeMil 852 $aSeMil$W1$xVenegono$y1$m1A II 170$j77269$B77269$CSeMilBibl$Z2$F78970 $81 961 $aRecupero: Seminario di Seveso 996 $6245$aGiovinezza, giovinezza ...$9(OLS)http://semarc/title/180183 996 $6260$aMilano :$bMondadori$9(OLS)http://semarc/publisher/30335